000 01166cam a22003257a 4500
003 CHAP
005 20220329142324.0
008 000623d2000 mx r 00110 spa d
010 _a81690
011 _a82662
035 _a93162
040 _cCHAP
090 _aTesis
100 0 0 _aFlorencio Cruz, Valentín.
_941354
245 1 0 _aProductividad del agua en el Distrito de Riego 011 Alto Río Lerma
_c/por Valentín Florencio Cruz
260 _aMontecillo, Méx. :
_bEl autor,
_c2000.
300 _a110 h. ;
_bgráfs.
502 _aTesis (M.C. Esp. en Economía) -- Colegio de Postgraduados. Instituto de Socioeconomía, Estadística e Informática
590 _aALEPH
_b10
_c20130110
_lUCH01
_h1436
590 _aBATCH-UPD
_b10
_c20130110
_lUCH01
_h2040
590 _aBATCH-UPD
_b10
_c20130410
_lUCH01
_h1355
590 _aBATCH-UPD
_b10
_c20130914
_lUCH01
_h1737
590 _aCONVERSION
_b10
_c20130109
_lUCH01
_h1345
650 1 4 _aAgua
_xAbastecimiento
_xCostos.
_92238
650 1 4 _aDistrito de Riego Alto Río Lerma, Gto. y Mich.
_932841
901 _aBK
905 _aAlejandra Carrasco M.
942 _cTESIS
949 _bBC
_cTES
_d931621
_eTS1
_h36595
_i93162
_st
999 _c81690
_d81690